Anagram- Solo Artists from the 80s/90s - Statistics

General Stats
  • This quiz has been taken 58 times
  • The average score is 8 of 15
Answer Stats
Hint Answer % Correct
erch Cher
93%
bteesprinenrucgs Bruce Springsteen
84%
nadnamo Madonna
82%
inperc Prince
80%
ghrgeeicmaelo George Michael
73%
vaenicilla Vanilla Ice
73%
achljomaeincks Michael Jackson
64%
cilpydeaunr Cyndi Lauper
48%
eyhstontowhinu Whitney Houston
48%
pakcshaurtu Tupac Shakur
32%
rlliaobimiewsb Robbie Williams
25%
otrstedarw Rod Stewart
25%
asahtnwniai Shania Twain
20%
edielocinn Celine Dion
16%
mnyadabras Bryan Adams
14%
No matching quizzes found
Score Distribution
Percent of People with Each Score
Percentile by Number Answered
Your Score History
You have not taken this quiz